แสดงรายละเอียดบรรณานุกรม
  กลับหน้าหลัก

Brief Record : Get Marc (ISO 2709) : E-mail record : QR code ปิดหน้าต่าง
E-books : เกี่ยวกับ Collections
LEADER 00000nam 2200000uu 4500
001    206091
003     ULIBM
008    110613s2553||||th 000 0 tha d
020    978-974-03-2614-4
060  0 WM 171 ส661ร 2553.
100 0  ^aสายฝน เอกวรางกูร.
245 00 ^aรู้จัก เข้าใจ ดูแล ภาวะซึมเศร้า./^bสายฝน เอกวรางกูร.
260    ^aกรุงเทพฯ : ^bจุฬาลงกรณ์มหาวิทยาลัย,^c2553.
300    ^aจำนวน 245 หน้า ;^bภาพประกอบ.
650  0 ^aความซึมเศร้า.
650  0 ^aความซึมเศร้า - - ^xการศึกษา.
999    ^aใช้งานได้ทุกระบบ
รายการนี้ยังไม่มีแท็ก
คุณยังไม่ได้ล็อกอิน คุณสามารถมีกิจกรรมร่วมกับเว็บไซต์ได้ แต่ต้องล็อกอินก่อน ::
  ล็อกอิน
ลำดับที่ ประเภท เลขเรียก สถานที่ สถานะ
1. หนังสือทั่วไป
หนังสือทั่วไป
WM 171 ส661ร 2553. ฉ.5 
  
หนังสือทั่วไป On Shelf
  ขอยืม
2. หนังสือทั่วไป
หนังสือทั่วไป
WM 171 ส661ร 2553. ฉ.7 
  
หนังสือทั่วไป On Shelf
  ขอยืม
   [แสดง 2/2 รายการ]

รายการใกล้เคียง
    ผู้แต่ง [สายฝน เอกวรางกูร.]

    หัวเรื่อง [ความซึมเศร้า.]

BibComment


ยังไม่เคยถูกคอมเมนท์

คอมเมนท์ทรัพยากรรายการนี้
  คอมเมนท์: รู้จัก เข้าใจ ดู..
Bib 206091

 
 
 

 Union Library Management : ULibM
Copyright 2026. All Rights Reserved.
скачать бесплатно без регистрации порно красивый секс HD Sex Hindi sex

xxx gou

xxxx

bfxxx

xxxwww

Секса Видео

xxxx

Секса Видео

detube

geilexxx

C99 Shell

worms shell

blod xxx video
Ebony Coed Rihanna Rimes Takes A Dick In Her Young Twat priyaa indian fuck anal and pusssy hardcore indian women xxx desi hardcore fucking part 1 bengalixxxcouple